Dictée du certificat d'études de 1912 - Statistiques

Statistiques générales
  • Ce quiz a été pris 201 fois
  • Le résultat moyen est 27 sur 29
Statistiques - réponses
Indice Mot % Correct
SOUFFRIR Camarades, nous savons que vous {souffrez}
99%
PARCEQUE d'une grande peine {parce que} vous êtes
99%
SEPARER vous êtes {séparés} de nous ;
99%
DIGNITE à croire en la {dignité} de l'être humain
98%
STRASBOUR à {Strasbourg}
98%
ETRE C'{est} chez vous,
98%
PENE c'est pour nous une grande {peine}
98%
MEME citoyens d'une {même} patrie.
98%
AIMER et à {aimer} la justice et la liberté
98%
FOI pour la première {fois} la chanson des peuples libres
98%
SI LON {Si l'on} vous dit que nous ne pensons pas à vous,
98%
ALSAS Aux écoliers d'{Alsace},
97%
AVANT DERNIER dans l'{avant-dernier} siècle,
97%
APPRENDRE Ensemble, ils ont {appris},
97%
REVOLUSSION Et la {Révolution}
97%
MARSALLAISE la {Marseillaise}
96%
AVOIR Nos pères {ont} vécu longtemps ensemble,
95%
CROIRE ne le {croyez} pas.
94%
CROIRE ne le {croyez} pas
94%
EUVRE l'{oeuvre} de nos rois,
93%
AVENT GARDE l'{avant-garde} de la France
93%
CHANTER que fut {chantée}
92%
OUBLIER que nous {oublions} de pareils souvenirs
92%
DIRE Si l'on vous {dit}
92%
ALSASSIAINS a fait des {Alsaciens} de vrais Français
91%
PATRIOT {patriotes} entre tous
91%
RIN parce qu'ils étaient aux bords du {Rhin}
88%
VOULOIR ou qui {veulent} se libérer
77%
ACHEVER {achevant}
25%
Aucun quiz correspondant
Distribution des résultats
% des personnes avec chaque résultat
Percentile par nombre de réponses
Votre historique - résultats
Vous n’avez pas pris ce quiz